000 01070nam a22002417a 4500
999 _c22079
_d22079
003 AR-CdUCM
008 190425b ||||| |||| 00| 0 spa d
040 _aMUNICIPALIDAD PROVINCIAL DEL CUSCO
_cBIBLIOTECA MUNICIPAL DEL CUSCO
082 _aParlante/N°32/1990
110 _aCentro Guamán Poma de Ayala
_920511
245 _aParlante :
_bRevista del Cusco /
260 _aCusco :
_bCentro de Educación y Comunicación Guamán Poma de Ayala,
_c1990.
300 _a12 páginas. :
_bilustraciones ;
_c29 cm.
440 _aParlante informativo urbano popular.
_nAño 6, N°32, junio 1990.
_947374
505 _aContenido: Se instalo asamblea regional. -- La ciudad en la región. -- ¿Por qué ganó el chinito? -- Las habilitaciones urbanas. -- Organizaciones urbano populares. Coche bomba a rechazar la violencia.
650 _aUrbanismo
_94748
650 _aPlanificación urbana
_945230
650 _aDesarrollo urbano
_914520
700 _aCerrillo, Carlos
_eDibujos
_947375
710 _aCentro Guamán Poma de Ayala
_920511
942 _2ddc
_cPP
945 _arac